Decentrálne vetranie a chladenie bytového domu s aplikáciou rekuperačnej jednotky

Uložené v:
Podrobná bibliografia
Hlavný autor: Vargová, Kvetoslava (Autor)
Ďalší autori: Hurtíková, Daniela (Vedúci práce)
Médium: Rukopis Kniha
Jazyk:Slovak
Vydavateľské údaje: 2017
Predmet:
On-line prístup:http://is.stuba.sk/zp/portal_zp.pl?podrobnosti=125952
https://opac.crzp.sk/?fn=detailBiblioForm&sid=CBCDB6E5622FB9C0D05E4328BE80
Tagy: Pridať tag
Žiadne tagy, Buďte prvý, kto otaguje tento záznam!

MARC

LEADER 00000ntm a22000003a 4500
001 stuzp62442
003 SK-STU
005 20230821144230.9
007 ta
008 150427s2015----xo-----f-mn---000-0-slo-d
040 |a STU  |b slo 
041 0 |a slo 
100 1 |a Vargová, Kvetoslava  |u 010290  |4 aut  |U SvF Stavebná fakulta  |T SvF Katedra technických zariadení budov  |X 67652  |U V290  |Y 31  |7 67652 
242 0 1 |a Decentralized ventilation and cooling of apartment building with application of regenerative unit  |y eng 
245 1 0 |a Decentrálne vetranie a chladenie bytového domu s aplikáciou rekuperačnej jednotky 
260 |c 2017 
650 4 |a decentrálne, vetranie  |2 slo 
650 4 |a chladenie  |2 slo 
650 4 |a rekuperačný  |2 slo 
650 4 |a cooling  |2 eng 
650 4 |a recuperative  |2 eng 
650 4 |a Decentralized ventilation  |2 eng 
700 1 |a Hurtíková, Daniela  |u 010290  |k Z8  |4 ths  |U SvF Stavebná fakulta  |T SvF Katedra technických zariadení budov  |X 23437  |U V290  |Y 31  |7 A000023437 
856 4 |u http://is.stuba.sk/zp/portal_zp.pl?podrobnosti=125952 
856 4 |u https://opac.crzp.sk/?fn=detailBiblioForm&sid=CBCDB6E5622FB9C0D05E4328BE80